El uso de los medios tecnológicos en la enseñanza aprendizaje en el área de Ciencias Sociales, en el 4to. Grado de Media, en el Liceo Eugenio María de Hostos en el año 2010 (Record no. 783)
[ view plain ]
| 000 -LEADER | |
|---|---|
| campo de control de longitud fija | 02623nam a2200553Ia 4500 |
| 001 - NÚMERO DE CONTROL | |
| campo de control | 861 |
| 008 - DATOS DE LONGITUD FIJA--INFORMACIÓN GENERAL | |
| campo de control de longitud fija | 241029s9999 xx 000 0 und d |
| 010 ## - NÚMERO DE CONTROL DE LA BIBLIOTECA DEL CONGRESO | |
| Número de control de LC | 783 |
| 041 ## - CÓDIGO DE IDIOMA | |
| Código de lengua del texto/banda sonora o título independiente | Español |
| 082 ## - NÚMERO DE LA CLASIFICACIÓN DECIMAL DEWEY | |
| Número de clasificación | F.L.E M.A TEC 2011 137 |
| 245 #0 - MENCIÓN DEL TÍTULO | |
| Título | El uso de los medios tecnológicos en la enseñanza aprendizaje en el área de Ciencias Sociales, en el 4to. Grado de Media, en el Liceo Eugenio María de Hostos en el año 2010 |
| 260 ## - PUBLICACIÓN, DISTRIBUCIÓN, ETC. | |
| Lugar de publicación, distribución, etc. | Santo Domingo |
| 300 ## - DESCRIPCIÓN FÍSICA | |
| Extensión | 66 |
| 520 ## - RESUMEN, ETC. | |
| Sumario, etc. | 20 |
| 520 ## - RESUMEN, ETC. | |
| Sumario, etc. | El propósito principal de este estudio consistió en determinar el uso de la tecnología en la enseñanza aprendizaje en el área de Ciencias Sociales, en el Cuarto Grado de Media, en el Liceo Eugenio María de Hostos en el año 2010. La investigación fue de corte: descriptiva, explicativa, exploratoria y documental. Se fundamentó en los métodos: inductivos, deductivos, analítico, sintético y comparativo. Las técnicas de recolección de datos consistieron en: .a observación y la entrevista. La población estuvo constituida por 8 docentes. El estudio concluye que es necesario incrementar la capacitación y actualización de los docentes del Liceo Eugenio María de Hostos, en relación a los conocimientos sobre las tecnologías, como medios educativos parta el logro de los aprendizajes significativos de los estudiantes, ya que los mismos, están muy por debajo de los requerimientos para una educación de calidad y pertinente. El estudio recomienda efectuar cursos-talleres, tendentes a capacitar y actualizar a los docentes del Liceo, en cuestión, en el área de la informática. |
| 630 ## - PUNTO DE ACCESO ADICIONAL DE MATERIA--TÍTULO UNIFORME | |
| Título uniforme | Aprendizaje |
| 630 ## - PUNTO DE ACCESO ADICIONAL DE MATERIA--TÍTULO UNIFORME | |
| Título uniforme | Enseñanza |
| 630 ## - PUNTO DE ACCESO ADICIONAL DE MATERIA--TÍTULO UNIFORME | |
| Título uniforme | Nivel Medio |
| 650 ## - PUNTO DE ACCESO ADICIONAL DE MATERIA--TÉRMINO DE MATERIA | |
| Término de materia o nombre geográfico como elemento de entrada | Ciencias Sociales |
| 690 ## - PUNTO DE ACCESO ADICIONAL DE MATERIA LOCAL--TÉRMINO DE MATERIA (OCLC, RLIN) | |
| Término de materia o nombre geográfico como elemento inicial | Elaborado |
| 700 ## - ENTRADA AGREGADA--NOMBRE PERSONAL | |
| Término indicativo de función/relación | asesor |
| Nombre de persona | Byan , Roberto |
| 700 ## - ENTRADA AGREGADA--NOMBRE PERSONAL | |
| Término indicativo de función/relación | autor |
| Nombre de persona | Cuevas, Maura Feliz |
| 700 ## - ENTRADA AGREGADA--NOMBRE PERSONAL | |
| Término indicativo de función/relación | autor |
| Nombre de persona | Montero Montero , María Salomé |
| 901 ## - ELEMENTOS DE DATOS A LOCAL LDA (RLIN) | |
| a | {"1":"Cuevas","2":"Montero Montero "} |
| b | {"1":"Maura Feliz","2":"María Salomé"} |
| 902 ## - ELEMENTOS DE DATOS B LOCAL, LDB (RLIN) | |
| a | 1 |
| 903 ## - ELEMENTOS DE DATOS C LOCAL, LDC (RLIN) | |
| a | {"1":"Byan "} |
| b | {"1":"Roberto"} |
| 904 ## - ELEMENTOS DE DATOS D LOCAL, LDD (RLIN) | |
| a | Maestría en |
| 905 ## - ELEMENTOS DE DATOS E LOCAL, LDE (RLIN) | |
| a | Tecnología Educativa |
| 906 ## - ELEMENTOS DE DATOS F LOCAL, LDF (RLIN) | |
| a | 2 |
| 907 ## - ELEMENTOS DE DATOS G LOCAL, LDG (RLIN) | |
| a | NO APLICA |
| 908 ## - COLOCAR PARÁMETRO DE COMANDO (RLIN) | |
| Colocar parámetro de comando | NO APLICA |
| 909 ## - | |
| -- | Universidad Autónoma de Santo Domingo (UASD) |
| 910 ## - DATOS DE OPCIÓN DEL USUARIO (OCLC) | |
| Datos de opción del usuario | NULL |
| -- | NULL |
| 911 ## - EQUIVALENCIA O REFERENCIA-CRUZADA-NOMBRE DE CONFERENCIA O REUNIÓN/CONGRESO [LOCAL, CANADÁ] | |
| Nombre de congreso/reunión o jurisdicción como elemento de entrada | ["1"] |
| 912 ## - | |
| -- | NO APLICA |
| 913 ## - | |
| -- | NULL |
| 914 ## - | |
| -- | 03 de Octubre de 2011 |
| 915 ## - | |
| -- | -693625 |
| 916 ## - | |
| -- | NULL |
| 917 ## - | |
| -- | NULL |
| 918 ## - | |
| -- | NO APLICA |
| 919 ## - | |
| -- | ["18","202","240"] |
| 921 ## - | |
| -- | 2 |
| 922 ## - | |
| -- | 2 |
| 923 ## - | |
| -- | 0 |
| 924 ## - | |
| -- | NO APLICA |
| 942 ## - ELEMENTOS DE ENTRADA SECUNDARIOS (KOHA) | |
| Tipo de ítem Koha | |
No items available.